| 000 -LEADER |
| fixed length control field |
01236nam a22002297a 4500 |
| 003 - CONTROL NUMBER IDENTIFIER |
| control field |
OSt |
| 005 - DATE AND TIME OF LATEST TRANSACTION |
| control field |
20180910095425.0 |
| 008 - FIXED-LENGTH DATA ELEMENTS--GENERAL INFORMATION |
| fixed length control field |
180312b xxu||||| |||| 00| 0 spa d |
| 040 ## - CATALOGING SOURCE |
| Transcribing agency |
PJ |
| 100 ## - ASIENTO PRINCIPAL - NOMBRE DE PERSONA |
| 9 (RLIN) |
771 |
| Personal name |
Bidegain, Carlos María |
| 245 10 - MENCIÓN DE TÍTULO |
| Título propiamente dicho |
Curso de derecho constitucional / |
| Mención de responsabilidad, etc |
Carlos María Bidegain; nueva versión revisada y actualizada con la reforma de 1994 por el autor y los doctores Orlando J. Gallo, Eugenio Luis Palazzo y Guillermo Carlos Schinelli. |
| 260 ## - PUBLICATION, DISTRIBUTION, ETC. (IMPRINT) |
| Place of publication, distribution, etc |
Buenos Aires : |
| Name of publisher, distributor, etc |
Abeledo-Perrot, |
| Date of publication, distribution, etc |
1994-1995. |
| 300 ## - DESCRIPCION FISICA |
| Extent |
4 v. |
| Dimensions |
23 cm. |
| 505 ## - FORMATTED CONTENTS NOTE |
| Formatted contents note |
Contenido:<br/>v. 1: Historia y teoría de la Constitución. <br/>v. 2: Territorio-población -- El poder: organización.<br/>v. 3: La distribución del poder -- La distribución territorial: el federalismo argentino -- La distribución funcional.<br/>v. 4: El gobierno federal -- La Convención Reformadora de la Constitución Nacional -- El Congreso -- El Presidente -- La Justicia Nacional. |
| 650 #0 - ASIENTO SECUNDARIO DE MATERIA - TERMINO TEMATICO |
| 9 (RLIN) |
178 |
| Topical term or geographic name as entry element |
DERECHO CONSTITUCIONAL |
| 650 #0 - ASIENTO SECUNDARIO DE MATERIA - TERMINO TEMATICO |
| 9 (RLIN) |
479 |
| Topical term or geographic name as entry element |
SISTEMA FEDERAL |
| 651 #0 - SUBJECT ADDED ENTRY--GEOGRAPHIC NAME |
| 9 (RLIN) |
232 |
| Geographic name |
ARGENTINA |
| 700 ## - ADDED ENTRY--PERSONAL NAME |
| 9 (RLIN) |
772 |
| Personal name |
Gallo, Orlando Juan |
| 700 ## - ADDED ENTRY--PERSONAL NAME |
| 9 (RLIN) |
773 |
| Personal name |
Palazzo, Eugenio Luis |
| 700 ## - ADDED ENTRY--PERSONAL NAME |
| 9 (RLIN) |
774 |
| Personal name |
Schinelli, Guillermo Carlos |
| 942 ## - ADDED ENTRY ELEMENTS (KOHA) |
| Source of classification or shelving scheme |
|
| Koha item type |
Libros |
| Classification part |
342(075.8) |
| Item part |
BID |